Datum a čas kvízu
23
Celkem bodů
Celkový počet nahraných bodů na tomto kvízu bez doplňovacích otázek.
12.
Pořadí na kvízu
Konečné umístění týmu na tomto kvízu.
Zaznamenané odpovědi
| # | Otázka | Odpověď | Body | Výsledky |
|---|---|---|---|---|
| 1. | Prezident Pavel si při své dvo... | TON | 1 | |
| 2. | V minulém týdnu se objevila zp... | A | 0 | |
| 3. | Ve čtvrtek proběhlo předávání... | Hella, Alena Machoninová | 0 | |
| 4. | České vývojářské studio Warhor... | Kingdom Come: Deliverance | 1 | |
| 5. | Při závodě třídy Moto3 ve Velk... | snažil se nastartovat soupeřovu motorku | 0 | |
| 6. | Bolívie má, stejně jako několi... | Sucre; La Paz | 0 | |
| 7. | Které evropské hlavní město se... | Oslo | 0 | |
| 8. | Nyní vám dáme na výběr, zda si... | Windhoek; Manila | 0 | |
| 9. | Které malebné a nepříliš lidna... | Lublaň | 1 | |
| 10. | Napište, které hlavní město (s... | Reykjavík; Wellington | 0.5 |